| 000 | 01642cam a22001934a 4500 | ||
|---|---|---|---|
| 005 | 20250605164111.0 | ||
| 008 | 250528s ||||||||||||||||||||||||d | ||
| 035 | _a17889 | ||
| 020 | _a9789605712563 | ||
| 040 |
_aGR-AtMCL _bgre _dGR-AtMCL _eAACR2 |
||
| 245 | 1 | _aΕφαρμογές Πληροφορικής και Στατιστικής / Με τα Windows 10 και Office 2016 | |
| 260 |
_bBookstars-Free Publishing, _c2016 |
||
| 300 | _a278 | ||
| 520 | _aΤο βιβλίο απευθύνεται σε ένα μεγάλο εύρος αναγνωστών ασχέτως του υποβάθρου των γνώσεων του, ώστε να βρουν έναν πολύτιμο βοηθή στον ''κόσμο'' των εφαρμογών Πληροφορικής. Πρόλογος, Ευχαριστίες, Windows 10, Word - Βασικά Στοιχεία, Word - Εισαγωγή Στοιχείων, Word - Εισαγωγή Απεικονίσεων, Word - Εισαγωγή Υπόλοιπων Στοιχείων, Word - Σχεδίαση και Διάταξη, Word - Αναφορές, Word - Αλληλογραφία και Αναθεώρηση, Excel - Βασικά Στοιχεία, Excel - Γραφήματα, Excel - Συναρτήσεις και Τύποι, Excel - Ιστογράμματα και Διασπορά, Excel - Συσχέτιση, Power point, Θεωρητικό Μέρος, Access - Βάσεις Δεδομένων, Θεωρητικό Μέρος, Access - Φόρμες, Βιβλιογραφία. | ||
| 700 | 1 |
_aΚουτσιάρης Αριστοτέλης _94187 |
|
| 942 | _cBK | ||
| 999 |
_c3288 _d3288 |
||